| 000 | 00711nam a22002177a 4500 | ||
|---|---|---|---|
| 003 | OSt | ||
| 005 | 20250822062626.0 | ||
| 008 | 250822b |||||||| |||| 00| 0 eng d | ||
| 020 | _a978-981-48-4696-7 | ||
| 040 |
_aDWC-Main Lib _cOC |
||
| 082 | _aCirc. 305.2 K12 2019 | ||
| 100 | _aKail, Robert V. | ||
| 245 |
_aHuman development a life : _bspan view/ _cRobert V. Kail |
||
| 250 | _aEight edition | ||
| 260 |
_aSingapore : _bCengage Learning Asia., _cc2019. |
||
| 300 |
_axli, 680 pages : _billustrations ; _c26cm. |
||
| 504 | _aIncludes bibliographical references and index. | ||
| 650 | _a1. Development psychology. | ||
| 650 | _a2. Life cycle ---Human. | ||
| 942 |
_2ddc _cBK-CIRC _eEight edition _kCirc. _n0 |
||
| 999 |
_c4193 _d4193 |
||